00329nam a2200121Ia 4500008004100000041000800041082001500049100002500064245004500089260004000134300002400174365000900198240624s9999 xx 000 0 und d aeng a332.64 JAN aJANKOVSKY JASON ALAN aART OF THE TRADE WHAT I LEARNED AND LOST c2008aNew JerseybJohn Wiley & Sons a183 : p. : cm. ; 24 cb27